El Ingenioso Hidalgo Don Quijote de la Mancha (Record no. 2424)

MARC details
000 -CABECERA
campo de control de longitud fija 01822nam a2200301 a 4500
001 - NÚMERO DE CONTROL
campo de control BRCA_2684
005 - FECHA Y HORA DE LA ÚLTIMA TRANSACCIÓN
campo de control 20190320203925.0
008 - DATOS DE LONGITUD FIJA--INFORMACIÓN GENERAL
campo de control de longitud fija 021208s1884----sp-#---###---#000-0#spa-u
041 ## - CÓDIGO DE LENGUA
Código de lengua del texto/banda sonora o título independiente spa
044 ## - CÓDIGO DEL PAÍS DE LA ENTIDAD EDITORA/PRODUCTORA
Código MARC del país sp
084 ## - OTRO NÚMERO DE CLASIFICACIÓN
Número de clasificación 202
Número de documento/Ítem .O78
-- 1884
100 1# - ENTRADA PRINCIPAL--NOMBRE DE PERSONA
Nombre de persona Cervantes Saavedra, Miguel de
Fechas asociadas al nombre 1547-1616
9 (RLIN) 213
245 10 - MENCIÓN DE TÍTULO
Título El Ingenioso Hidalgo Don Quijote de la Mancha
Mención de responsabilidad, etc. compuesto por Miguel de Cervantes Saavedra.
260 ## - PUBLICACIÓN, DISTRIBUCIÓN, ETC.
Lugar de publicación, distribución, etc. Palencia (España)
Nombre del editor, distribuidor, etc. Feliciano
Fecha de publicación, distribución, etc. 1884
300 ## - DESCRIPCIÓN FÍSICA
Extensión 552 p.
Dimensiones 24 cm.
500 ## - NOTA GENERAL
Nota general Contenido : Advertencia del editor. Documentos de la edición príncipe. Dedicatoria del autor. Prólogo del autor. Versos preliminares. Texto. Fé de erratas
500 ## - NOTA GENERAL
Nota general Edición : Nueva edición con notas sobre el texto, del puño y letra del autor, en el ejemplar prueba de corrección de la edición de 1605. Único ejemplar conocido
500 ## - NOTA GENERAL
Nota general A pesar de tan fanfarronesco título, se trata de un texto mutilado y arreglado caprichosamente por cabeza calenturienta y soñadora, pues de otro modo no se comprende la añadidura de tantos disparates en este nuevo texto. Las pruebas del craso error en que cayó el Sr. Ortego, se hallan expuestas por L. Rius (Bibliografía... t. I, no. 189, págs. 94-96, t. II, no. 326, págs. 210-212), y por M. Menéndez y Pelayo (en la misma obra de Rius, t. II, págs. 212-215). Buena impresión. Piel; lomera y planos decorados con adornos dorados Lúdovik Osterc
500 ## - NOTA GENERAL
Nota general QM192
546 ## - NOTA DE LENGUA/LENGUAJE
Nota de lengua/lenguaje Texto en : español
650 14 - PUNTO DE ACCESO ADICIONAL DE MATERIA--TÉRMINO DE MATERIA
Término de materia o nombre geográfico como elemento de entrada Novela española
Subdivisión cronológica Época clásica, 1500-1700
9 (RLIN) 215
650 14 - PUNTO DE ACCESO ADICIONAL DE MATERIA--TÉRMINO DE MATERIA
Término de materia o nombre geográfico como elemento de entrada Litertura española
Subdivisión cronológica Época clásica, 1500-1700
9 (RLIN) 7607
650 14 - PUNTO DE ACCESO ADICIONAL DE MATERIA--TÉRMINO DE MATERIA
Término de materia o nombre geográfico como elemento de entrada Novela española
Subdivisión cronológica Siglo XVII
9 (RLIN) 217
650 14 - PUNTO DE ACCESO ADICIONAL DE MATERIA--TÉRMINO DE MATERIA
Término de materia o nombre geográfico como elemento de entrada Don Quijote (Personaje ficticio)
Término indicativo de función/relación Novela
9 (RLIN) 218
740 0# - PUNTO DE ACCESO ADICIONAL--TÍTULO RELACIONADO O ANALÍTICO NO CONTROLADO
Título relacionado o analítico no controlado El Ingenioso Hidalgo Don Quijote de la Mancha
902 ## - CATALOGADOR
Iniciales QFM
942 ## - ELEMENTOS DE PUNTO DE ACCESO ADICIONAL (KOHA)
Fuente del sistema de clasificación o colocación Library of Congress Classification
Tipo de ítem Koha Libros
Holdings
Estado de retiro Estado de pérdida Estado dañado No para préstamo Localización permanente Ubicación/localización actual Fecha de adquisición Número de inventario Total de préstamos Signatura topográfica completa Código de barras Fecha visto por última vez Precio válido a partir de Tipo de ítem Koha
El ejemplar forma parte de la colección y puede ser consultado según las políticas vigentes.       Biblioteca del Museo Franz Mayer (Rogerio Casas-Alatriste) Biblioteca del Museo Franz Mayer (Rogerio Casas-Alatriste) 02/12/2008 QM192   202 .O78 1884 (QM192) 2681 22/03/2019 22/03/2019 Libros